Le città più popolose della Russia - Statistics

Statistiche generali
  • Questo quiz è stato fatto 157 volte
  • Il punteggio medio è 7 su 13
Statistiche sulle risposte
POSIZIONE STATO % Corretto
1 Mosca
100%
2 San Pietroburgo
100%
8 Kazan
64%
10 Rostov
58%
12 Volgograd
58%
5 Ekaterinburg
54%
3 Novosibirsk
51%
4 Niznij Novgorod/Novgorod
45%
7 Omsk
45%
11 Ufa
45%
6 Samara
39%
13 Perm
31%
9 Celjabinsk
16%
Nessun quiz corrispondente trovato
Distribuzione punteggi
Percentuale di utenti per punteggio
Percentile per numero di risposta
I tuoi punteggi nel tempo
Non hai fatto questo quiz